[Event "Titled Tuesday intern op 29th Aug Early"]
[Site "Chess.com INT"]
[Date "2023.08.29"]
[Round "7"]
[White "Gulkov, Igor A"]
[Black "Kuchava, Ana"]
[Result "1-0"]
[WhiteElo "2358"]
[BlackElo "2101"]
[PlyCount "109"]
[EventDate "2023.08.29"]
[EventType "swiss (blitz)"]
[EventRounds "11"]
[EventCountry "USA"]
[SourceTitle "EXT 2024"]
[Source "ChessBase"]
[SourceDate "2023.10.10"]
[SourceVersion "1"]
[SourceVersionDate "2023.10.10"]
[SourceQuality "1"]

1. Nf3 d5 2. d4 Nf6 3. c4 e6 4. Nc3 Be7 5. Bg5 0-0 6. e3 h6 7. Bxf6 Bxf6 8. Rc1 c6 9. Bd3 dxc4 10. Bxc4 Nd7 11. 0-0 e5 12. Ne4 exd4 13. Nxf6+ Nxf6 14. Qxd4 Qxd4 15. Nxd4 Rd8 16. Rfd1 Bg4 17. f3 Bd7 18. e4 Be8 19. Nf5 Kf8 20. Kf2 h5 21. h4 g6 22. Nd4 c5 23. Nb3 b6 24. e5 Ng8 25. f4 Nh6 26. g3 Ng4+ 27. Ke2 Bc6 28. Rd3 b5 29. Rxd8+ Rxd8 30. Na5 Be8 31. Bd3 c4 32. Be4 Rd4 33. Bf3 Nh6 34. Nb7 Nf5 35. Rg1 Ke7 36. Nc5 a5 37. b3 c3 38. Nd3 b4 39. Nc1 Bb5+ 40. Ke1 Rd2 41. Rg2 Rxg2 42. Bxg2 Ne3 43. Be4 Ke6 44. Kf2 Ng4+ 45. Kf3 Bf1 46. Bc2 Kd7 47. f5 gxf5 48. Bxf5+ Ke7 49. Kf4 Nf2 50. Bc2 Bg2 51. Kg5 Ng4 52. Kxh5 Ne3 53. Bd3 c2 54. Kg5 Bf3 55. Kf4 1-0

[Event "Titled Tuesday intern op 29th Aug Early"]
[Site "Chess.com INT"]
[Date "2023.08.29"]
[Round "11"]
[White "Kashefi, Amir Hossein"]
[Black "Gulkov, Igor A"]
[Result "0-1"]
[WhiteElo "2194"]
[BlackElo "2358"]
[PlyCount "84"]
[EventDate "2023.08.29"]
[EventType "swiss (blitz)"]
[EventRounds "11"]
[EventCountry "USA"]
[SourceTitle "EXT 2024"]
[Source "ChessBase"]
[SourceDate "2023.10.10"]
[SourceVersion "1"]
[SourceVersionDate "2023.10.10"]
[SourceQuality "1"]

1. e4 c5 2. Nf3 d6 3. c3 Nf6 4. Be2 g6 5. 0-0 Bg7 6. Re1 0-0 7. Bf1 e5 8. h3 Nc6 9. d3 h6 10. Nbd2 Re8 11. Nc4 d5 12. exd5 Nxd5 13. a4 Qc7 14. g3 Be6 15. Bg2 Rad8 16. Qc2 f5 17. Kh2 Bf7 18. h4 Nf6 19. b3 Ng4+ 20. Kg1 Qd7 21. Ba3 b6 22. Rad1 Qc7 23. b4 cxb4 24. cxb4 Nd4 25. Nxd4 Rxd4 26. b5 e4 27. Ne3 Qxc2 28. Nxc2 Rxd3 29. f3 Rxd1 30. Rxd1 exf3 31. Bxf3 Bb3 32. Bd5+ Bxd5 33. Rxd5 Ne3 34. Nxe3 Rxe3 35. Rd8+ Kh7 36. Bd6 Rd3 37. Kg2 Be5 38. Be7 Rxd8 39. Bxd8 Kg7 40. Kf3 Kf7 41. h5 gxh5 42. Kg2 Ke6 0-1

[Event "Titled Tuesday intern op 15th Aug Early"]
[Site "Chess.com INT"]
[Date "2023.08.15"]
[Round "3"]
[White "Gulkov, Igor A"]
[Black "Bilan, Danila"]
[Result "1/2-1/2"]
[WhiteElo "2358"]
[BlackElo "2303"]
[PlyCount "116"]
[EventDate "2023.08.15"]
[EventType "swiss (blitz)"]
[EventRounds "11"]
[EventCountry "USA"]
[SourceTitle "EXT 2024"]
[Source "ChessBase"]
[SourceDate "2023.10.10"]
[SourceVersion "1"]
[SourceVersionDate "2023.10.10"]
[SourceQuality "1"]

1. Nf3 d5 2. d4 Nf6 3. c4 c6 4. e3 e6 5. Bd3 Nbd7 6. 0-0 Ne4 7. Nbd2 f5 8. Qc2 Bd6 9. b3 0-0 10. a4 a5 11. Ba3 Qe7 12. Bxd6 Qxd6 13. Qb2 b6 14. Rfc1 Bb7 15. Rc2 c5 16. cxd5 exd5 17. Bb5 f4 18. Bxd7 Qxd7 19. Ne5 Qf5 20. Nxe4 dxe4 21. dxc5 bxc5 22. Rxc5 f3 23. Rc7 Bd5 24. Nxf3 Rf7 25. Rxf7 Bxf7 26. Nd4 Qd5 27. b4 axb4 28. Qxb4 h6 29. a5 Ra7 30. a6 Kh7 31. Qb6 Qd7 32. h3 Bc4 33. Qc5 Bd3 34. Qf5+ Qxf5 35. Nxf5 Rxa6 36. Rxa6 Bxa6 37. Kh2 Kg6 38. Nd6 Bd3 39. Nb7 Kf6 40. Nc5 Bc2 41. f3 exf3 42. gxf3 Ke5 43. Kg3 g6 44. e4 Bb1 45. h4 Kd4 46. Ne6+ Ke5 47. Nf4 Kf6 48. Ne2 Bc2 49. Kf4 Bb1 50. Ke3 Ba2 51. f4 g5 52. hxg5+ hxg5 53. f5 Bb1 54. Nd4 Ke5 55. Nf3+ Kf6 56. Kf2 Bxe4 57. Nxg5 Kxg5 58. f6 Kxf6 1/2-1/2

[Event "Titled Tuesday intern op 27th Jun Early"]
[Site "Chess.com INT"]
[Date "2023.06.27"]
[Round "4"]
[White "Gulkov, Igor A"]
[Black "Baliga, Zubin"]
[Result "1/2-1/2"]
[WhiteElo "2358"]
[BlackElo "1890"]
[PlyCount "79"]
[EventDate "2023.06.27"]
[EventType "swiss (blitz)"]
[EventRounds "11"]
[EventCountry "USA"]
[SourceTitle "EXT 2024"]
[Source "ChessBase"]
[SourceDate "2023.10.10"]
[SourceVersion "1"]
[SourceVersionDate "2023.10.10"]
[SourceQuality "1"]

1. Nf3 d5 2. d4 Nf6 3. c4 c6 4. e3 Bf5 5. Nc3 e6 6. Nh4 Be4 7. f3 Bg6 8. Nxg6 hxg6 9. Qb3 Qb6 10. Bd2 Nbd7 11. Bd3 Be7 12. 0-0 Qc7 13. g3 Nh5 14. Kg2 Bd6 15. f4 Nhf6 16. Rac1 0-0 17. e4 dxe4 18. Nxe4 Nxe4 19. Bxe4 c5 20. Be3 Rab8 21. Rfd1 cxd4 22. Bxd4 Nc5 23. Qf3 Nxe4 24. Qxe4 Rfd8 25. Bxa7 Ra8 26. c5 Bxc5 27. Rxd8+ Qxd8 28. Rxc5 Rxa7 29. Qc2 Ra8 30. a3 Qd4 31. Qc3 Qd6 32. Rc8+ Rxc8 33. Qxc8+ Kh7 34. Qxb7 Qd2+ 35. Kh3 Qe2 36. Qxf7 Qh5+ 37. Kg2 Qe2+ 38. Kh3 Qh5+ 39. Kg2 Qe2+ 40. Kh3 1/2-1/2

[Event "Titled Tuesday intern op 30th May Early"]
[Site "Chess.com INT"]
[Date "2023.05.30"]
[Round "1"]
[White "Kovalenko, Igor"]
[Black "Gulkov, Igor A"]
[Result "1-0"]
[WhiteElo "2674"]
[BlackElo "2358"]
[PlyCount "71"]
[EventDate "2023.05.30"]
[EventType "swiss (blitz)"]
[EventRounds "11"]
[EventCountry "USA"]
[SourceTitle "CBM 214 Extra"]
[Source "ChessBase"]
[SourceDate "2023.07.31"]
[SourceVersion "1"]
[SourceVersionDate "2023.07.31"]
[SourceQuality "1"]

1. c4 Nf6 2. Nc3 g6 3. g3 Bg7 4. Bg2 0-0 5. e3 d6 6. Nge2 e5 7. h3 c6 8. b4 Re8 9. Qb3 a6 10. a4 Nbd7 11. 0-0 e4 12. Bb2 Ne5 13. Nxe4 Nxe4 14. Bxe4 Bxh3 15. Bg2 Bxg2 16. Kxg2 d5 17. Bxe5 Bxe5 18. d4 dxc4 19. Qxc4 Bg7 20. Nf4 Qd7 21. Rfc1 Rac8 22. Rab1 Bf8 23. Nd3 Bd6 24. Qa2 Kg7 25. Qe2 f5 26. Qf3 Re4 27. Nc5 Bxc5 28. bxc5 Rc7 29. a5 h5 30. Rh1 Qd5 31. Rh4 Qe6 32. Rf4 Rxf4 33. gxf4 Re7 34. Kh3 Qa2 35. Rg1 Kf7 36. Qg2 1-0

[Event "Titled Tuesday intern op 14th Dec"]
[Site "Chess.com INT"]
[Date "2021.12.14"]
[Round "2"]
[White "Gulkov, Igor A"]
[Black "Sahil, Tickoo"]
[Result "1-0"]
[WhiteElo "2358"]
[BlackElo "2201"]
[PlyCount "95"]
[EventDate "2021.12.14"]
[EventType "swiss (blitz)"]
[EventRounds "11"]
[EventCountry "USA"]
[SourceTitle "EXT 2023"]
[Source "ChessBase"]
[SourceDate "2022.10.05"]
[SourceVersion "1"]
[SourceVersionDate "2022.10.05"]
[SourceQuality "1"]

1. Nf3 b6 2. g3 Bb7 3. Bg2 g6 4. d4 Bg7 5. 0-0 Nf6 6. c4 0-0 7. Nc3 e6 8. d5 a5 9. e4 exd5 10. cxd5 d6 11. Nd4 Re8 12. f3 Nbd7 13. Bf4 Nc5 14. Qd2 Qd7 15. Rfe1 a4 16. Rad1 a3 17. b3 Ba6 18. Bf1 Bxf1 19. Kxf1 Qh3+ 20. Qg2 Qxg2+ 21. Kxg2 Nfd7 22. Ncb5 Rec8 23. Re2 Bf6 24. Rc2 Bd8 25. Kf2 Kf8 26. Ke2 Ke8 27. Bxd6 cxd6 28. Nxd6+ Kf8 29. Nxc8 Rxc8 30. b4 Be7 31. bxc5 Bxc5 32. Nb3 Ke7 33. f4 f6 34. Rdc1 Kd6 35. Nd4 Ra8 36. Nb5+ Ke7 37. Kf3 Ra4 38. Re2 Rb4 39. Nc3 Rc4 40. Rcc2 Rb4 41. e5 fxe5 42. fxe5 Bd4 43. e6 Ne5+ 44. Kg2 Rc4 45. Ne4 Rxc2 46. Rxc2 Ng4 47. Rc7+ Kd8 48. Rd7+ 1-0

[Event "Titled Tuesday intern op 07th Dec"]
[Site "Chess.com INT"]
[Date "2021.12.07"]
[Round "1"]
[White "Gulkov, Igor A"]
[Black "Moskalenko, Alexander"]
[Result "0-1"]
[WhiteElo "2358"]
[BlackElo "2514"]
[PlyCount "66"]
[EventDate "2021.12.07"]
[EventType "swiss (blitz)"]
[EventRounds "11"]
[EventCountry "USA"]
[SourceTitle "CBM 205 Extra"]
[Source "ChessBase"]
[SourceDate "2022.01.31"]
[SourceVersion "1"]
[SourceVersionDate "2022.01.31"]
[SourceQuality "1"]

1. Nf3 d6 2. d4 g6 3. e4 Bg7 4. Bc4 Nf6 5. e5 dxe5 6. Nxe5 0-0 7. 0-0 c6 8. c3 b5 9. Bb3 Bb7 10. Re1 Nbd7 11. Bf4 c5 12. Nxd7 Qxd7 13. dxc5 Qc6 14. f3 Qxc5+ 15. Be3 Qf5 16. Bd4 Rfd8 17. Qe2 e6 18. Nd2 a5 19. a3 Bd5 20. Bxd5 Qxd5 21. Ne4 Nxe4 22. Qxe4 Bxd4+ 23. cxd4 Qxd4+ 24. Qxd4 Rxd4 25. Re5 Rd2 26. Rxb5 Rc8 27. Rxa5 f5 28. Kh1 Rxb2 29. Re5 Kf7 30. Ree1 Rcc2 31. Rg1 g5 32. a4 Ra2 33. a5 Rxg2 0-1

[Event "Titled Tuesday intern op 30th Nov"]
[Site "Chess.com INT"]
[Date "2021.11.30"]
[Round "1"]
[White "Gulkov, Igor A"]
[Black "Ibarra Jerez, Jose Carlos"]
[Result "0-1"]
[WhiteElo "2358"]
[BlackElo "2567"]
[PlyCount "42"]
[EventDate "2021.11.30"]
[EventType "swiss (blitz)"]
[EventRounds "11"]
[EventCountry "USA"]
[SourceTitle "CBM 205 Extra"]
[Source "ChessBase"]
[SourceDate "2022.01.31"]
[SourceVersion "1"]
[SourceVersionDate "2022.01.31"]
[SourceQuality "1"]

1. Nf3 Nf6 2. c4 g6 3. Nc3 d6 4. d4 Bf5 5. Nh4 Bd7 6. e4 e5 7. d5 Nxe4 8. Nxe4 Qxh4 9. Bd3 h6 10. 0-0 f5 11. Nc3 Bg7 12. Qb3 b6 13. Nb5 Na6 14. Qa3 Bxb5 15. cxb5 Nc5 16. Bc2 e4 17. Be3 0-0 18. Rab1 Rae8 19. Qxa7 f4 20. Bxc5 f3 21. Be3 Qg4 0-1

[Event "Titled Tuesday intern op 16th Nov"]
[Site "Chess.com INT"]
[Date "2021.11.16"]
[Round "4"]
[White "Djordjevic, Dejan N"]
[Black "Gulkov, Igor A"]
[Result "1/2-1/2"]
[WhiteElo "2156"]
[BlackElo "2358"]
[PlyCount "114"]
[EventDate "2021.11.16"]
[EventType "swiss (blitz)"]
[EventRounds "11"]
[EventCountry "USA"]
[SourceTitle "CBM 205 Extra"]
[Source "ChessBase"]
[SourceDate "2022.01.31"]
[SourceVersion "1"]
[SourceVersionDate "2022.01.31"]
[SourceQuality "1"]

1. e4 e5 2. Nf3 Nc6 3. Bc4 Bc5 4. c3 Nf6 5. d3 d6 6. 0-0 a6 7. Bb3 Ba7 8. Re1 0-0 9. Nbd2 Ne7 10. Nf1 Ng6 11. h3 h6 12. d4 exd4 13. cxd4 d5 14. e5 Ne4 15. Ng3 Nxg3 16. fxg3 Be6 17. Kh2 f5 18. Bd2 Qe7 19. Rc1 c6 20. a3 Qf7 21. Bb4 Rfe8 22. Qe2 Bb6 23. Rf1 a5 24. Bd6 Qd7 25. Bc2 Ne7 26. Nh4 Rf8 27. Qd3 Rf7 28. b4 axb4 29. axb4 Ra2 30. Ra1 Rxa1 31. Rxa1 g5 32. Nf3 Kg7 33. Nd2 Nc8 34. Bc5 Bd8 35. b5 cxb5 36. Rb1 Nb6 37. Rxb5 Nc4 38. Rb1 b6 39. Bb4 Qc6 40. Bb3 Na5 41. Bd1 Be7 42. Bxe7 Rxe7 43. Qa3 Rc7 44. Ba4 Qb7 45. Qb4 Nc4 46. Nxc4 Rxc4 47. Qd6 Qf7 48. Rxb6 Rxa4 49. Qxe6 Qxe6 50. Rxe6 Rxd4 51. Rd6 Rd2 52. Kg1 d4 53. Kf1 d3 54. Rd4 Re2 55. Rxd3 Rxe5 56. Rd6 h5 57. Kf2 Re4 1/2-1/2

[Event "Titled Tuesday intern op 28th Sept"]
[Site "Chess.com INT"]
[Date "2021.09.28"]
[Round "9"]
[White "Gulkov, Igor A"]
[Black "Hjartarson, Johann"]
[Result "0-1"]
[WhiteElo "2358"]
[BlackElo "2519"]
[PlyCount "54"]
[EventDate "2021.09.28"]
[EventType "swiss (blitz)"]
[EventRounds "11"]
[EventCountry "USA"]
[SourceTitle "CBM 204 Extra"]
[Source "ChessBase"]
[SourceDate "2021.11.30"]
[SourceVersion "1"]
[SourceVersionDate "2021.11.30"]
[SourceQuality "1"]

1. Nf3 Nf6 2. c4 b6 3. g3 Bb7 4. Bg2 c5 5. 0-0 g6 6. Nc3 Bg7 7. d4 cxd4 8. Qxd4 d6 9. Rd1 Nbd7 10. b3 Rc8 11. Bb2 0-0 12. Qd2 a6 13. Rac1 Rc5 14. Ne1 Bxg2 15. Nxg2 b5 16. Ne3 bxc4 17. Nxc4 Qa8 18. Qe3 Re8 19. Na4 Rh5 20. Qf3 Qb8 21. Kg2 Rf5 22. Qc6 Qb5 23. Ne3 Rh5 24. Qxb5 axb5 25. Nc3 Ra8 26. Rc2 Nb6 27. Nxb5 Rxb5 0-1

[Event "Titled Tuesday intern op 28th Sept"]
[Site "Chess.com INT"]
[Date "2021.09.28"]
[Round "1"]
[White "Sadhwani, Raunak"]
[Black "Gulkov, Igor A"]
[Result "0-1"]
[WhiteElo "2603"]
[BlackElo "2358"]
[PlyCount "88"]
[EventDate "2021.09.28"]
[EventType "swiss (blitz)"]
[EventRounds "11"]
[EventCountry "USA"]
[SourceTitle "CBM 204 Extra"]
[Source "ChessBase"]
[SourceDate "2021.11.30"]
[SourceVersion "1"]
[SourceVersionDate "2021.11.30"]
[SourceQuality "1"]

1. b3 Nf6 2. Bb2 g6 3. Nf3 Bg7 4. g3 0-0 5. Bg2 d6 6. d4 c5 7. 0-0 cxd4 8. Nxd4 d5 9. c4 dxc4 10. bxc4 Qb6 11. Qb3 Nfd7 12. Rd1 Na6 13. Na3 Nac5 14. Qc2 a6 15. Nb3 Bxb2 16. Qxb2 Na4 17. Qc2 Ndc5 18. Rab1 Qc7 19. Rbc1 Bf5 20. e4 Bg4 21. f3 Be6 22. Nd4 Bd7 23. Nb1 Rac8 24. Nc3 Nxc3 25. Qxc3 e5 26. Nb3 Be6 27. Qe3 b6 28. h4 Rcd8 29. Kh2 Kg7 30. h5 h6 31. hxg6 fxg6 32. Qc3 Na4 33. Qb4 Nc5 34. Qa3 a5 35. Qb2 Nd3 36. Rxd3 Rxd3 37. c5 Bxb3 38. cxb6 Qxb6 39. axb3 Qd4 40. Qa3 Rd2 41. Qxa5 Rxf3 42. Rc7+ Rf7 43. Kh3 Rxc7 44. Qxc7+ Qd7+ 0-1

[Event "Titled Tuesday intern op 07th Sept"]
[Site "Chess.com INT"]
[Date "2021.09.07"]
[Round "10"]
[White "Bazarov, Konstantin"]
[Black "Gulkov, Igor A"]
[Result "1/2-1/2"]
[WhiteElo "2226"]
[BlackElo "2358"]
[PlyCount "135"]
[EventDate "2021.09.07"]
[EventType "swiss (blitz)"]
[EventRounds "11"]
[EventCountry "USA"]
[SourceTitle "EXT 2022"]
[Source "ChessBase"]
[SourceDate "2021.10.06"]
[SourceVersion "1"]
[SourceVersionDate "2021.10.06"]
[SourceQuality "1"]

1. d4 Nf6 2. c4 g6 3. Nc3 Bg7 4. e4 d6 5. Nge2 0-0 6. Ng3 e5 7. d5 a5 8. h4 h5 9. Bg5 Qe8 10. Qd2 Na6 11. 0-0-0 Bd7 12. f3 a4 13. Bh6 Nc5 14. Bxg7 Kxg7 15. Kb1 b6 16. Be2 Nh7 17. Rdg1 Qe7 18. Nf1 f5 19. Ne3 f4 20. Nc2 Rf6 21. Ne1 Be8 22. Nd3 Nxd3 23. Bxd3 Kh8 24. Bc2 a3 25. b3 Rf8 26. Qc1 Bd7 27. Ka1 Ra7 28. Nb1 Rfa8 29. g3 fxg3 30. Rxg3 Qf6 31. Qh6 Be8 32. Nc3 Qg7 33. Qc1 Nf8 34. Rhg1 Kh7 35. Rg5 Qf6 36. Qe3 Nd7 37. Qf2 Nf8 38. Qg3 Bf7 39. Nb5 Rb7 40. Kb1 Nd7 41. Nc3 Nc5 42. Kc1 Nd7 43. Kd2 Rf8 44. Nb5 Ra8 45. b4 Nf8 46. Rb1 Nd7 47. Rb3 Qf4+ 48. Qxf4 exf4 49. Bd3 Ne5 50. Be2 Be8 51. Nc3 Kh6 52. Rg1 Bd7 53. Nb1 Rba7 54. b5 Ra4 55. Kc3 Nf7 56. Nd2 g5 57. hxg5+ Nxg5 58. Rb4 Rxb4 59. Kxb4 h4 60. Nf1 h3 61. Nh2 Rg8 62. Kb3 Ra8 63. Kb4 Kh5 64. Kb3 Kh4 65. Bf1 Kh5 66. Be2 Kh4 67. Kc3 Kh5 68. Kb3 1/2-1/2

[Event "Titled Tuesday intern op 07th Sept"]
[Site "Chess.com INT"]
[Date "2021.09.07"]
[Round "1"]
[White "Gulkov, Igor A"]
[Black "Moroni, Luca Jr"]
[Result "0-1"]
[WhiteElo "2358"]
[BlackElo "2566"]
[PlyCount "124"]
[EventDate "2021.09.07"]
[EventType "swiss (blitz)"]
[EventRounds "11"]
[EventCountry "USA"]
[SourceTitle "EXT 2022"]
[Source "ChessBase"]
[SourceDate "2021.10.06"]
[SourceVersion "1"]
[SourceVersionDate "2021.10.06"]
[SourceQuality "1"]

1. Nf3 g6 2. e4 Bg7 3. d4 d6 4. Bc4 Nf6 5. e5 dxe5 6. Nxe5 0-0 7. 0-0 Nbd7 8. Nf3 Nb6 9. Bb3 a5 10. c3 a4 11. Bc2 Bg4 12. h3 Bxf3 13. Qxf3 Qd5 14. Qxd5 Nfxd5 15. a3 Nc4 16. Nd2 Nxd2 17. Bxd2 b5 18. Rfe1 e6 19. Rad1 c6 20. g3 Rfe8 21. Kg2 Rac8 22. Be4 Nb6 23. Bd3 Rcd8 24. Bg5 Rd7 25. Be4 Rc8 26. h4 h5 27. Bc1 Nc4 28. Bd3 Na5 29. Bc2 Bf6 30. f3 Kg7 31. Kh3 Rcd8 32. Kg2 Nc4 33. Kf2 Rd6 34. Ke2 e5 35. dxe5 Bxe5 36. Rxd6 Bxd6 37. Kf2 Bc5+ 38. Kg2 Rd6 39. Bf4 Rd7 40. Bc1 Rd8 41. f4 Rd6 42. Kf3 Kf6 43. Re2 Nb6 44. Rd2 Rxd2 45. Bxd2 Ke6 46. Bd3 f5 47. Be3 Kd5 48. Bxc5 Kxc5 49. Ke3 Nd5+ 50. Kd2 Nf6 51. Ke3 Kd5 52. Bc2 Ne8 53. Bd3 Nd6 54. Kd2 Ne4+ 55. Bxe4+ Kxe4 56. c4 Kf3 57. cxb5 cxb5 58. Kc3 Kxg3 59. Kb4 Kxf4 60. Kxb5 g5 61. hxg5 Kxg5 62. Kxa4 h4 0-1

[Event "Titled Tuesday intern op 07th Sept"]
[Site "Chess.com INT"]
[Date "2021.09.07"]
[Round "5"]
[White "Mekhitarian, Krikor Sevag"]
[Black "Gulkov, Igor A"]
[Result "1-0"]
[WhiteElo "2560"]
[BlackElo "2358"]
[PlyCount "109"]
[EventDate "2021.09.07"]
[EventType "swiss (blitz)"]
[EventRounds "11"]
[EventCountry "USA"]
[SourceTitle "EXT 2022"]
[Source "ChessBase"]
[SourceDate "2021.10.06"]
[SourceVersion "1"]
[SourceVersionDate "2021.10.06"]
[SourceQuality "1"]

1. d4 Nf6 2. Nf3 g6 3. Nc3 d5 4. Bf4 Bg7 5. e3 0-0 6. Be2 c5 7. h4 h5 8. Ne5 Nc6 9. Qd2 Qa5 10. dxc5 Qxc5 11. 0-0-0 Rd8 12. Kb1 Nxe5 13. Bxe5 Be6 14. f3 a6 15. Bd4 Qc6 16. Bd3 b5 17. Ne2 Qd6 18. Nf4 Bd7 19. Bxf6 Bxf6 20. g4 e5 21. Ne2 hxg4 22. h5 gxf3 23. hxg6 fxe2 24. Qxe2 fxg6 25. Bxg6 Bg5 26. Rdg1 Qxg6 27. Rh5 Kf8 28. Rhxg5 Qf6 29. Rf1 Ke7 30. Rxf6 Kxf6 31. Qg2 Rh8 32. b3 Be6 33. Rg6+ Ke7 34. Qg5+ Kd6 35. Qf6 Rae8 36. Rg5 Rh1+ 37. Kb2 Kd7 38. Qxe5 Re7 39. Rg7 Rxg7 40. Qxg7+ Kd6 41. Qa7 Ke5 42. Qxa6 Re1 43. Qb6 Bf5 44. Qd4+ Ke6 45. Qd2 Rg1 46. a3 Be4 47. Qc3 Rg2 48. Qc5 Rxc2+ 49. Qxc2 Bxc2 50. Kxc2 Ke5 51. Kd3 Kd6 52. Kd4 Kc6 53. a4 bxa4 54. bxa4 Kd6 55. a5 1-0

[Event "Titled Tuesday intern op 31st Aug"]
[Site "Chess.com INT"]
[Date "2021.08.31"]
[Round "3"]
[White "Gulkov, Igor A"]
[Black "Itkis, Boris"]
[Result "1-0"]
[WhiteElo "2358"]
[BlackElo "2333"]
[PlyCount "37"]
[EventDate "2021.08.31"]
[EventType "swiss (blitz)"]
[EventRounds "11"]
[EventCountry "USA"]
[SourceTitle "EXT 2022"]
[Source "ChessBase"]
[SourceDate "2021.10.06"]
[SourceVersion "1"]
[SourceVersionDate "2021.10.06"]
[SourceQuality "1"]

1. Nf3 d5 2. d4 Nf6 3. c4 dxc4 4. Nc3 a6 5. e4 b5 6. e5 Nd5 7. a4 e6 8. axb5 Bb4 9. Bd2 Bb7 10. Bxc4 Nb6 11. Be2 0-0 12. bxa6 Nxa6 13. 0-0 Qd7 14. Qb3 Rfd8 15. Bxa6 Bxc3 16. Bxb7 Rxa1 17. Rxa1 Bxd2 18. Nxd2 Qxd4 19. Nf3 1-0